Jogi adatbázisok elmélete és gyakorlata
Elmentve itt :
| Szerző: | |
|---|---|
| Dokumentumtípus: | Vegyes gyűjtemény |
| Megjelent: |
2020-09
|
| Kulcsszavak: | adatbázis jogi tudományos kutatás módszertan jogtudomány kutatás |
| Tárgyszavak: | |
| Online Access: | http://eta.bibl.u-szeged.hu/3679 |
| LEADER | 04999npc a2200577 i 4500 | ||
|---|---|---|---|
| 001 | eta3679 | ||
| 005 | 20211012135424.0 | ||
| 008 | 210104s2020 hu o 0|| hun d | ||
| 040 | |a SZTE Elektronikus Tananyag Archívum |b hun | ||
| 041 | |a hun | ||
| 100 | 1 | |a Princz Adrienn | |
| 245 | 1 | 0 | |a Jogi adatbázisok elmélete és gyakorlata |h [elektronikus dokumentum] / |c Princz Adrienn |
| 246 | 1 | 0 | |a Theory and practice of legal databases |h [elektronikus dokumentum] |
| 260 | |c 2020-09 | ||
| 650 | 4 | |a Társadalomtudományok | |
| 650 | 4 | |a Jogtudomány | |
| 695 | |a adatbázis | ||
| 695 | |a jogi | ||
| 695 | |a tudományos kutatás | ||
| 695 | |a módszertan | ||
| 695 | |a jogtudomány | ||
| 695 | |a kutatás | ||
| 856 | 4 | 0 | |u https://eta.bibl.u-szeged.hu/3679/17/EFOP362_vide%C3%B3lecke1_Princz_Adrienn_Eurlex_1_20200803.pdf |z Dokumentum-elérés |
| 856 | 4 | 0 | |u https://eta.bibl.u-szeged.hu/3679/18/EFOP362_vide%C3%B3lecke2_Princz_Adrienn_Eurlex_2_20200724.pdf |z Dokumentum-elérés |
| 856 | 4 | 0 | |u https://eta.bibl.u-szeged.hu/3679/19/EFOP362_vide%C3%B3lecke3_Princz_Adrienn_Eurlex_3_20200727.pdf |z Dokumentum-elérés |
| 856 | 4 | 0 | |u https://eta.bibl.u-szeged.hu/3679/20/EFOP362_vide%C3%B3lecke4-5_Princz_Adrienn_Eurlex_4-5_20200727.pdf |z Dokumentum-elérés |
| 856 | 4 | 0 | |u https://eta.bibl.u-szeged.hu/3679/21/EFOP362_vide%C3%B3lecke6_Princz_Adrienn_Eurlex_6_2020812.pdf |z Dokumentum-elérés |
| 856 | 4 | 0 | |u https://eta.bibl.u-szeged.hu/3679/22/EFOP362_vide%C3%B3lecke7_Princz_Adrienn_Eurlex_7_20200816.pdf |z Dokumentum-elérés |
| 856 | 4 | 0 | |u https://eta.bibl.u-szeged.hu/3679/23/EFOP362_vide%C3%B3lecke8-9_Princz_Adrienn_Eurlex_8-9_20200816.pdf |z Dokumentum-elérés |
| 856 | 4 | 0 | |u https://eta.bibl.u-szeged.hu/3679/24/EFOP362_vide%C3%B3lecke10_Princz_Adrienn_Eurlex10_Uni%C3%B3s_%C3%ADt%C3%A9lez%C3%A9si_gyakorlat1_20200828.pdf |z Dokumentum-elérés |
| 856 | 4 | 0 | |u https://eta.bibl.u-szeged.hu/3679/25/EFOP362_vide%C3%B3lecke11-12_Princz_Adrienn_Uni%C3%B3s_%C3%ADt%C3%A9lez%C3%A9si_gyakorlat_2-3_20200828.pdf |z Dokumentum-elérés |
| 856 | 4 | 0 | |u https://eta.bibl.u-szeged.hu/3679/26/EFOP362_vide%C3%B3lecke13_Princz_Adrienn_Eurlex11_%26_Jogt%C3%A1r_20200908.pdf |z Dokumentum-elérés |
| 856 | 4 | 0 | |u https://eta.bibl.u-szeged.hu/3679/27/EFOP362_vide%C3%B3lecke14_Princz_Adrienn_VPN_20200831.pdf |z Dokumentum-elérés |
| 856 | 4 | 0 | |u https://eta.bibl.u-szeged.hu/3679/28/EFOP362_vide%C3%B3lecke15_Princz_Adrienn_Nyomtatv%C3%A1nyok-%C5%B0rlapok_20200903.pdf |z Dokumentum-elérés |
| 856 | 4 | 0 | |u https://eta.bibl.u-szeged.hu/3679/30/EFOP362_Egys%C3%A9ges_szerkezetbe_foglalt_feladatsor_Princz_Adrienn_20201112.pdf |z Dokumentum-elérés |
| 856 | 4 | 0 | |u https://eta.bibl.u-szeged.hu/3679/29/EFOP362_Komplex_gyakorl%C3%B3_feladatsor_Princz_Adrienn_20201112.pdf |z Dokumentum-elérés |
| 856 | 4 | 0 | |u https://eta.bibl.u-szeged.hu/3679/101/EFOP362_vide%C3%B3lecke1_Princz_Adrienn_Eurlex_1_20200803.mp4 |z Dokumentum-elérés |
| 856 | 4 | 0 | |u https://eta.bibl.u-szeged.hu/3679/102/EFOP362_vide%C3%B3lecke2_Princz_Adrienn_Eurlex_2_20200724.mp4 |z Dokumentum-elérés |
| 856 | 4 | 0 | |u https://eta.bibl.u-szeged.hu/3679/103/EFOP362_vide%C3%B3lecke3_Princz_Adrienn_Eurlex_3_20200727.mp4 |z Dokumentum-elérés |
| 856 | 4 | 0 | |u https://eta.bibl.u-szeged.hu/3679/104/EFOP362_vide%C3%B3lecke4_Princz_Adrienn_Eurlex_4_20200727.mp4 |z Dokumentum-elérés |
| 856 | 4 | 0 | |u https://eta.bibl.u-szeged.hu/3679/105/EFOP362_vide%C3%B3lecke5_Princz_Adrienn_Eurlex_5_20200807.mp4 |z Dokumentum-elérés |
| 856 | 4 | 0 | |u https://eta.bibl.u-szeged.hu/3679/106/EFOP362_vide%C3%B3lecke6_Princz_Adrienn_Eurlex_6_2020812.mp4 |z Dokumentum-elérés |
| 856 | 4 | 0 | |u https://eta.bibl.u-szeged.hu/3679/107/EFOP362_vide%C3%B3lecke7_Princz_Adrienn_Eurlex_7_20200816.mp4 |z Dokumentum-elérés |
| 856 | 4 | 0 | |u https://eta.bibl.u-szeged.hu/3679/108/EFOP362_vide%C3%B3lecke8_Princz_Adrienn_Eurlex_8_20200816.mp4 |z Dokumentum-elérés |
| 856 | 4 | 0 | |u https://eta.bibl.u-szeged.hu/3679/109/EFOP362_vide%C3%B3lecke9_Princz_Adrienn_Eurlex_9_20200823.mp4 |z Dokumentum-elérés |
| 856 | 4 | 0 | |u https://eta.bibl.u-szeged.hu/3679/110/EFOP362_vide%C3%B3lecke10_Princz_Adrienn_Eurlex10_Uni%C3%B3s_%C3%ADt%C3%A9lez%C3%A9si_gyakorlat_1_20200828.mp4 |z Dokumentum-elérés |
| 856 | 4 | 0 | |u https://eta.bibl.u-szeged.hu/3679/111/EFOP362_vide%C3%B3lecke11_Princz_Adrienn_Uni%C3%B3s_%C3%ADt%C3%A9lez%C3%A9si_gyakorlat_2_20200828.mp4 |z Dokumentum-elérés |
| 856 | 4 | 0 | |u https://eta.bibl.u-szeged.hu/3679/112/EFOP362_vide%C3%B3lecke12_Princz_Adrienn_Uni%C3%B3s_%C3%ADt%C3%A9lez%C3%A9si_gyakorlat_3_20200828.mp4 |z Dokumentum-elérés |
| 856 | 4 | 0 | |u https://eta.bibl.u-szeged.hu/3679/113/EFOP362_vide%C3%B3lecke13_Princz_Adrienn_Eurlex11_%26_Jogt%C3%A1r_20200908.mp4 |z Dokumentum-elérés |
| 856 | 4 | 0 | |u https://eta.bibl.u-szeged.hu/3679/114/EFOP362_vide%C3%B3lecke14_Princz_Adrienn_VPN_20200831.mp4 |z Dokumentum-elérés |
| 856 | 4 | 0 | |u https://eta.bibl.u-szeged.hu/3679/115/EFOP362_vide%C3%B3lecke15_Princz_Adrienn_Nyomtatv%C3%A1nyok-%C5%B0rlapok_20200903.mp4 |z Dokumentum-elérés |